[Event "European Blitz 2017"]
[Site "Katowice POL"]
[Date "2017.12.15"]
[Round "21.26"]
[White "Kyc, Jerzy"]
[Black "Hracek, Zbynek"]
[Result "1-0"]
[BlackTitle "GM"]
[WhiteElo "2265"]
[BlackElo "2592"]
[WhiteFideId "1163922"]
[BlackFideId "300071"]
[EventDate "2017.12.15"]
[EventType "blitz"]

1. e4 c5 2. Nf3 Nc6 3. d4 cxd4 4. Nxd4 g6 5. Nc3 Bg7 6. Be3 Nf6 7. Nxc6 bxc6 8.
e5 Ng8 9. Bd4 f6 10. Qe2 fxe5 11. Bxe5 Nf6 12. O-O-O O-O 13. f3 Qa5 14. g4 d6
15. Bd4 e5 16. Qc4+ d5 17. Qc5 Qxc5 18. Bxc5 Re8 19. Ba3 Be6 20. Ba6 Bc8 21.
Bxc8 Raxc8 22. Rhe1 Bh6+ 23. Kb1 Bf4 24. h3 e4 25. fxe4 Nxe4 26. Nxe4 Rxe4 27.
Bc5 a6 28. b3 Rce8 29. Rf1 g5 30. Bd4 Kf7 31. Rf3 Kg6 32. Bf2 h5 33. gxh5+ Kxh5
34. Rg1 R8e6 35. a4 Re8 36. Rg2 R8e6 37. Rg1 Re7 38. Rg2 R7e6 39. Rg1 Re8 40.
Rg2 Rf8 41. Rg1 Rf6 42. Bc5 Be5 43. Rd3 Rf5 44. Be3 Bf4 45. Bxf4 gxf4 46. Rf3
Re3 47. Rf2 f3 48. Rg8 Re1+ 49. Kb2 Re2 50. Rf1 f2 51. Rg2 Kh4 52. Kc3 Rf3+ 53.
Kb4 Kxh3 54. Rg8 Rxc2 55. Rh1# 1-0

[Event "European Blitz 2017"]
[Site "Katowice POL"]
[Date "2017.12.15"]
[Round "21.27"]
[White "Alekseev, Evgeny"]
[Black "Kazakovskiy, Valeriy"]
[Result "1-0"]
[WhiteTitle "GM"]
[BlackTitle "IM"]
[WhiteElo "2616"]
[BlackElo "2422"]
[WhiteFideId "4138147"]
[BlackFideId "13507443"]
[EventDate "2017.12.15"]
[EventType "blitz"]

1. e4 c5 2. Nf3 a6 3. c3 e6 4. d4 d5 5. exd5 exd5 6. dxc5 Bxc5 7. Bd3 Nf6 8. O-O
O-O 9. Bg5 h6 10. Bh4 Nc6 11. Nbd2 Ba7 12. Re1 Bg4 13. Qc2 Qd6 14. Bf5 Bxf3 15.
Nxf3 Rfe8 16. Rad1 Rxe1+ 17. Rxe1 Re8 18. Rxe8+ Nxe8 19. Qe2 Kf8 20. Bg3 Qe7 21.
Qxe7+ Nxe7 22. Bc2 Bc5 23. Kf1 Bd6 24. Ne5 f6 25. Nd7+ Kf7 26. Ke2 Ke6 27. Nb6
Bxg3 28. hxg3 f5 29. Ke3 Nc7 30. Bd3 Kd6 31. c4 g6 32. cxd5 Ncxd5+ 33. Nxd5 Kxd5
34. a3 Ke5 35. Bc4 a5 36. Kd3 b6 37. f4+ Kd6 38. Ba2 Kc5 39. Bf7 g5 40. Be6 Kd6
41. Ba2 Ng6 42. Ke3 Ne7 43. Kd4 Nc6+ 44. Kc4 Ne7 45. Kb5 Kc7 46. Be6 gxf4 47.
gxf4 Ng6 48. g3 Ne7 49. Kc4 Kd6 50. Bf7 Nc6 51. Kb5 Kc7 52. Kc4 Kd6 53. Bh5 Ne7
54. Bf3 Ng8 55. Kd4 Nf6 56. Kc4 Ng8 57. Kb5 Kc7 58. b4 axb4 59. Kxb4 Nf6 60. Kc4
Kd6 61. Kd4 Ne8 62. Be2 Ng7 63. Kc4 Ne6 64. Bd3 Ng7 65. Be2 Ne6 66. Bf3 Nc5 67.
Kb5 Kc7 68. Kc4 Kd6 69. Kd4 Ne6+ 70. Kc4 Nf8 71. Bh5 Ne6 72. Bg6 Ng7 73. Kb5 Kc7
74. Bf7 Kb7 75. Kc4 Kc6 76. Kd4 Kd6 77. Kc4 Ke7 78. Bd5 Nh5 79. Kb5 Kd6 80. Bf3
Nxg3 81. Kxb6 Ne4 82. a4 Nc5 83. a5 Nd7+ 84. Kb5 Kc7 85. a6 Kb8 86. Bc6 1-0

[Event "European Blitz 2017"]
[Site "Katowice POL"]
[Date "2017.12.15"]
[Round "21.28"]
[White "Klekowski, Maciej"]
[Black "Sieciechowicz, Marcin"]
[Result "1-0"]
[WhiteTitle "IM"]
[BlackTitle "IM"]
[WhiteElo "2498"]
[BlackElo "2387"]
[WhiteFideId "1132717"]
[BlackFideId "1130170"]
[EventDate "2017.12.15"]
[EventType "blitz"]

1. c4 c6 2. d4 d5 3. Nc3 Nf6 4. Nf3 e6 5. e3 Nbd7 6. Qc2 Bd6 7. Bd3 O-O 8. O-O
Qe7 9. e4 dxc4 10. Bxc4 e5 11. h3 h6 12. Be3 b5 13. Be2 Re8 14. Rfe1 Bb7 15.
Rad1 Bb4 16. a3 Bxc3 17. bxc3 Qxa3 18. dxe5 Nxe5 19. Nd4 Qf8 20. f3 Nc4 21. Bxc4
bxc4 22. Nf5 Bc8 23. Nd6 Rd8 24. Bc5 Qe7 25. Qf2 Qc7 26. Nxc4 Rxd1 27. Rxd1 Be6
28. Nd6 a5 29. f4 a4 30. f5 Bb3 31. Ra1 Nd7 32. Ba3 Qb6 33. Qxb6 Nxb6 34. Kf2 f6
35. g4 Nc4 36. Nxc4 Bxc4 37. Rd1 Rb8 38. Bb4 Ra8 39. Rd4 Bb3 40. Ba3 Rb8 41. Rd7
Bc2 42. e5 fxe5 43. Bd6 Re8 44. Ke3 e4 45. h4 Bb3 46. g5 hxg5 47. hxg5 Bd5 48.
Ra7 Bb3 49. Bc5 Re5 50. Ra8+ Kh7 51. g6+ Kh6 1-0

[Event "European Blitz 2017"]
[Site "Katowice POL"]
[Date "2017.12.15"]
[Round "21.29"]
[White "Janik, Igor"]
[Black "Trent, Lawrence"]
[Result "0-1"]
[WhiteTitle "FM"]
[BlackTitle "IM"]
[WhiteElo "2413"]
[BlackElo "2436"]
[WhiteFideId "1159259"]
[BlackFideId "408638"]
[EventDate "2017.12.15"]
[EventType "blitz"]

1. e4 e5 2. Nf3 Nc6 3. Bb5 a6 4. Ba4 Nf6 5. O-O Bc5 6. Re1 b5 7. Bb3 d6 8. h3
O-O 9. c3 Bb6 10. d4 h6 11. a4 Bb7 12. d5 Na5 13. Bc2 c6 14. b4 Nc4 15. dxc6
Bxc6 16. Bd3 Re8 17. Qe2 d5 18. Nbd2 Nxd2 19. Nxd2 Qd7 20. axb5 axb5 21. Bb2
dxe4 22. Nxe4 Nd5 23. Rad1 Nf4 24. Qc2 Qe6 25. Bf1 Qg6 26. Kh2 Re6 27. g3 Nd5
28. Bxb5 Nxb4 29. cxb4 Bxb5 30. Qb3 Kh7 31. Nc5 Rf6 32. Qe3 Re8 33. Rd2 Rf5 34.
Qe4 Bc6 35. Qc2 Bf3 36. Re3 e4 37. Qc3 Rh5 38. Rxf3 exf3 39. Qxf3 Bxc5 40. bxc5
Rxc5 41. Qf4 Rf5 42. Qd4 f6 43. Qc3 Qf7 44. Qc2 Qg6 45. Qc7 h5 46. Bd4 Rd5 47.
Qc4 Red8 0-1

[Event "European Blitz 2017"]
[Site "Katowice POL"]
[Date "2017.12.15"]
[Round "21.30"]
[White "Castellanos Rodriguez, Renier"]
[Black "Brodowski, Piotr"]
[Result "1/2-1/2"]
[WhiteTitle "IM"]
[BlackTitle "IM"]
[WhiteElo "2501"]
[BlackElo "2430"]
[WhiteFideId "3404650"]
[BlackFideId "1124480"]
[EventDate "2017.12.15"]
[EventType "blitz"]

1. Nf3 g6 2. e4 Bg7 3. d4 c5 4. d5 Nf6 5. Nc3 d6 6. Bb5+ Bd7 7. a4 Bxb5 8. axb5
O-O 9. O-O Nbd7 10. h3 Nb6 11. Re1 Ne8 12. Qd3 Nc7 13. Bg5 Qd7 14. Ra5 h6 15.
Bh4 a6 16. bxa6 Nxa6 17. Qb5 Qc7 18. Bxe7 Qxe7 19. Qxb6 Nb4 20. Rxa8 Rxa8 21.
Re2 Bxc3 22. bxc3 Nxd5 23. Qb3 Nf4 24. Re1 Re8 25. c4 Qf6 26. Qe3 Kg7 27. Kh2
Ne6 28. Rd1 Ng5 29. Nxg5 hxg5 30. f3 Qe5+ 31. Kg1 Ra8 32. Qb3 Ra1 33. Rxa1 Qxa1+
34. Kh2 Qe5+ 35. Kg1 Qa1+ 36. Kh2 Qe5+ 1/2-1/2

[Event "European Blitz 2017"]
[Site "Katowice POL"]
[Date "2017.12.15"]
[Round "21.31"]
[White "Tari, Aryan"]
[Black "Kantans, Toms"]
[Result "1-0"]
[WhiteTitle "GM"]
[BlackTitle "GM"]
[WhiteElo "2593"]
[BlackElo "2484"]
[WhiteFideId "1510045"]
[BlackFideId "11602945"]
[EventDate "2017.12.15"]
[EventType "blitz"]

1. e4 c5 2. Nf3 Nf6 3. e5 Nd5 4. Nc3 e6 5. Nxd5 exd5 6. d4 Nc6 7. dxc5 Bxc5 8.
Qxd5 Qb6 9. Qd2 O-O 10. Bd3 d6 11. Ng5 h6 12. Ne4 dxe5 13. Nxc5 Qxc5 14. O-O Be6
15. Qe3 Qxe3 16. Bxe3 Rfd8 17. a3 f5 18. Rad1 Kf7 19. f4 e4 20. Be2 b6 21. h3
Ne7 22. c4 Rac8 23. b3 Nc6 24. Kf2 Na5 25. Rxd8 Rxd8 26. Rb1 g6 27. g4 Rd7 28.
Rb2 Rd8 29. Rb1 Rd7 30. Rb2 Rd8 31. Ke1 Rd7 32. Kf1 Rd8 33. Rb1 Rd7 34. Kf2 Rd8
35. Rd1 Rxd1 36. Bxd1 Ke7 37. Bd4 Kf7 38. Ke3 Nc6 39. Bc3 Bd7 40. Be2 Be6 41. b4
Kf8 42. Bb2 Kf7 43. Bc3 Kf8 44. b5 Nd8 45. Be5 Nb7 46. Bb8 Na5 47. Kd4 Nb3+ 48.
Kc3 Nc5 49. Bxa7 Kf7 50. Kd4 Nb3+ 51. Ke3 Nc1 52. Bf1 fxg4 53. hxg4 Bxg4 54.
Bxb6 h5 55. a4 h4 56. a5 h3 57. a6 h2 58. Bg2 Bf3 59. Kf2 h1=Q 60. Bxh1 Bxh1 61.
Ke3 1-0

[Event "European Blitz 2017"]
[Site "Katowice POL"]
[Date "2017.12.15"]
[Round "21.32"]
[White "Miton, Kamil"]
[Black "Boe, Mads"]
[Result "1-0"]
[WhiteTitle "GM"]
[BlackTitle "FM"]
[WhiteElo "2584"]
[BlackElo "2292"]
[WhiteFideId "1111914"]
[BlackFideId "1401408"]
[EventDate "2017.12.15"]
[EventType "blitz"]

1. d4 f5 2. Nf3 Nf6 3. c4 e6 4. g3 d5 5. Bg2 c6 6. O-O Bd6 7. Nc3 O-O 8. Qc2 Bd7
9. Rb1 Be8 10. b4 Ne4 11. b5 Nd7 12. bxc6 bxc6 13. Bf4 Bxf4 14. gxf4 Nxc3 15.
Qxc3 Bh5 16. Ng5 Re8 17. cxd5 cxd5 18. Nxe6 Rxe6 19. Bxd5 Nf8 20. Qc6 Bf7 21.
Bxe6 Bxe6 22. f3 Qxd4+ 23. Kh1 Rc8 24. Qa6 Qxf4 1-0

[Event "European Blitz 2017"]
[Site "Katowice POL"]
[Date "2017.12.15"]
[Round "21.33"]
[White "Costachi, Mihnea"]
[Black "Zelbel, Patrick"]
[Result "1-0"]
[WhiteTitle "IM"]
[BlackTitle "IM"]
[WhiteElo "2441"]
[BlackElo "2456"]
[WhiteFideId "1217518"]
[BlackFideId "24624322"]
[EventDate "2017.12.15"]
[EventType "blitz"]

1. d4 Nf6 2. c4 e6 3. Nf3 Bb4+ 4. Bd2 a5 5. e3 O-O 6. Bd3 d6 7. O-O Bxd2 8. Qxd2
Nc6 9. Nc3 e5 10. h3 Re8 11. d5 Nb4 12. e4 c6 13. Bb1 cxd5 14. cxd5 Bd7 15. a3
Na6 16. Bc2 Qb6 17. Rab1 Rac8 18. Bd3 Nc5 19. Rfc1 Nb3 20. Qe2 Nxc1 21. Rxc1 Qd8
22. Nd2 Qc7 23. Rf1 Qb8 24. Bb5 Rc5 25. Nb3 Bxb5 26. Nxb5 Rcc8 27. Nxa5 Red8 28.
Nc4 Ne8 29. a4 Rc5 30. b4 Rcc8 31. Nb6 Rc7 32. Nxc7 Nxc7 33. Rc1 Na6 34. Qc4 g6
35. a5 Kg7 36. Na4 Qa7 37. b5 Nb8 38. Qb4 h5 39. Nb6 h4 40. Rc7 Kf6 41. Kh2 Kg7
42. Qc3 Kf6 43. f4 Re8 44. fxe5+ Rxe5 45. Qf3+ Kg5 46. Rxf7 Qxa5 47. Qf4+ Kh5
48. Rh7# 1-0

[Event "European Blitz 2017"]
[Site "Katowice POL"]
[Date "2017.12.15"]
[Round "21.34"]
[White "Olszewski, Michal"]
[Black "Schulz, Karsten"]
[Result "1-0"]
[WhiteTitle "GM"]
[BlackTitle "FM"]
[WhiteElo "2540"]
[BlackElo "2293"]
[WhiteFideId "1121251"]
[BlackFideId "4611446"]
[EventDate "2017.12.15"]
[EventType "blitz"]

1. e4 d6 2. d4 Nf6 3. Nc3 e5 4. Nf3 exd4 5. Nxd4 Be7 6. g3 O-O 7. Bg2 Re8 8. O-O
Bf8 9. b3 Nbd7 10. Bb2 Nc5 11. Re1 c6 12. Qd2 a5 13. a4 Bd7 14. h3 Qc7 15. Re3
Rad8 16. Rae1 g6 17. f4 Bg7 18. Nd1 Bc8 19. Nf2 Qb6 20. Kh2 Nxa4 21. Ba1 Nc5 22.
Bc3 Qc7 23. Bxa5 b6 24. Bc3 Bb7 25. Ng4 Nfxe4 26. Bxe4 Nxe4 27. Rxe4 Rxe4 28.
Rxe4 d5 29. Re1 h5 30. Nb5 cxb5 31. Bxg7 hxg4 32. Bd4 Qd7 33. Qe3 f6 34. Bxf6 d4
35. Qd3 Kf7 1-0

[Event "European Blitz 2017"]
[Site "Katowice POL"]
[Date "2017.12.15"]
[Round "21.35"]
[White "Fedorchuk, Sergey A."]
[Black "Horton, Andrew P"]
[Result "1-0"]
[WhiteTitle "GM"]
[BlackTitle "FM"]
[WhiteElo "2648"]
[BlackElo "2397"]
[WhiteFideId "14102536"]
[BlackFideId "424269"]
[EventDate "2017.12.15"]
[EventType "blitz"]

1. e4 e5 2. Nf3 Nc6 3. Bb5 a6 4. Ba4 Nf6 5. O-O Be7 6. d3 b5 7. Bb3 O-O 8. Nc3
d6 9. a3 Be6 10. Bxe6 fxe6 11. Ne2 Nh5 12. c3 Qe8 13. Be3 Qg6 14. Ng3 Nf4 15. a4
h5 16. axb5 axb5 17. Rxa8 Rxa8 18. Bxf4 exf4 19. Ne2 Qf7 20. Qb3 Rb8 21. d4 g5
22. d5 exd5 23. Qxd5 Qxd5 24. exd5 Ne5 25. Ned4 Nd3 26. b4 g4 27. Nc6 Re8 28.
Nfd4 Bf6 29. Nxb5 Re2 30. c4 f3 31. Nxc7 Nf4 32. gxf3 gxf3 33. h4 Nh3+ 34. Kh2
Nxf2 35. Kg3 Ne4+ 36. Kxf3 Nc3 37. b5 Rb2 38. Ne8 Bxh4 39. Nxd6 Kh7 40. Nf5 Bf6
41. Rh1 Kg6 42. Nfe7+ Kf7 43. Nf5 Na4 44. Nd6+ Kg6 45. Rg1+ Kh7 46. Ne4 Bg7 47.
Ne7 Rb4 48. d6 Bf8 49. Nf6+ Kh6 50. Nf5# 1-0

[Event "European Blitz 2017"]
[Site "Katowice POL"]
[Date "2017.12.15"]
[Round "21.36"]
[White "Stupak, Kirill"]
[Black "Tokranovs, Dmitrijs"]
[Result "1-0"]
[WhiteTitle "GM"]
[BlackTitle "FM"]
[WhiteElo "2588"]
[BlackElo "2348"]
[WhiteFideId "13503758"]
[BlackFideId "11603011"]
[EventDate "2017.12.15"]
[EventType "blitz"]

1. d4 Nf6 2. g3 d5 3. Bg2 c6 4. Nf3 e6 5. O-O Be7 6. c4 Nbd7 7. Nc3 O-O 8. Nd2
dxc4 9. Nxc4 c5 10. Bf4 cxd4 11. Qxd4 Nb6 12. Qxd8 Bxd8 13. Ne3 Re8 14. Bd6 Be7
15. Rfd1 Bxd6 16. Rxd6 Rb8 17. Nb5 Na4 18. b3 Nc5 19. Rc1 b6 20. Nxa7 Ba6 21. b4
Nce4 22. Rd4 Ng5 23. b5 Bb7 24. Nc6 Ra8 25. a4 e5 26. Rdc4 Ne6 27. Nxe5 Bxg2 28.
Kxg2 Nc5 29. Nc6 Nxa4 30. R1c2 h6 31. Rd4 Nc5 32. Nc4 Ne6 33. Rd1 Nc7 34. Nxb6
Ra3 35. Rb1 Ne4 36. Nc4 Rc3 37. Rxc3 Nxc3 38. Rb2 N7xb5 39. e3 Rc8 40. Ne7+ 1-0

[Event "European Blitz 2017"]
[Site "Katowice POL"]
[Date "2017.12.15"]
[Round "21.37"]
[White "Kukula, Pawel"]
[Black "Schneider, Ilja"]
[Result "0-1"]
[BlackTitle "IM"]
[WhiteElo "2181"]
[BlackElo "2517"]
[WhiteFideId "1115081"]
[BlackFideId "4663306"]
[EventDate "2017.12.15"]
[EventType "blitz"]

1. d4 d5 2. Nf3 Nf6 3. Bf4 c5 4. e3 cxd4 5. exd4 Nc6 6. c3 g6 7. Nbd2 Bg7 8. h3
O-O 9. Bd3 a6 10. O-O Bf5 11. Qe2 Qc8 12. Rfe1 Bxd3 13. Qxd3 Qf5 14. Qxf5 gxf5
15. Ne5 e6 16. Nxc6 bxc6 17. Be5 Nd7 18. Bxg7 Kxg7 19. Nf3 c5 20. dxc5 Nxc5 21.
Nd4 Rab8 22. Re2 Na4 23. Nb3 Rfc8 24. Rae1 Nb6 25. Nd4 Nc4 26. Nb3 a5 27. Rb1 a4
28. Nd4 Nd6 29. Ree1 Ne4 30. Nf3 a3 31. bxa3 Nxc3 32. Rxb8 Rxb8 33. Kf1 Rb2 34.
Rc1 Ne4 35. Rc7 Rxf2+ 36. Kg1 Rxa2 37. Ne5 Nd6 38. Rd7 Kf6 39. Nc6 Nc4 40. Nd8
Ne5 41. Ra7 d4 0-1

[Event "European Blitz 2017"]
[Site "Katowice POL"]
[Date "2017.12.15"]
[Round "21.38"]
[White "Putka, Verners"]
[Black "Saric, Ante"]
[Result "1-0"]
[BlackTitle "GM"]
[WhiteElo "2307"]
[BlackElo "2540"]
[WhiteFideId "11600659"]
[BlackFideId "14506254"]
[EventDate "2017.12.15"]
[EventType "blitz"]

1. d4 Nf6 2. Nf3 e6 3. g3 b5 4. Bg2 Bb7 5. O-O c5 6. c3 Na6 7. Bg5 Be7 8. Nbd2
O-O 9. Re1 d5 10. Ne5 Nd7 11. Bxe7 Qxe7 12. Nd3 c4 13. Nf4 Nf6 14. e4 dxe4 15.
Nxe4 Nxe4 16. Bxe4 Bxe4 17. Rxe4 Nc7 18. Qh5 Rad8 19. Rae1 Qd6 20. Re5 a6 21.
Rg5 Ne8 22. Rc5 Nf6 23. Qf3 Qb6 24. b3 cxb3 25. axb3 b4 26. Ra1 bxc3 27. Qxc3
Ne4 28. Rc6 Qxd4 29. Qxd4 Rxd4 30. Rcxa6 g5 31. R6a4 Rxa4 32. Rxa4 Nc5 33. Ra5
Nxb3 34. Rxg5+ Kh8 35. h4 Nd4 36. Kg2 h6 37. Rc5 Kg7 38. Nh5+ Kg6 39. Nf4+ Kh7
40. Rc7 Kg7 41. Rd7 Nf5 42. Nxe6+ Kg8 43. Nxf8 Kxf8 44. Kh3 h5 45. Rd5 Ng7 46.
f3 Ke7 47. Kg2 Ke6 48. Rg5 Kf6 49. Kf2 1-0

[Event "European Blitz 2017"]
[Site "Katowice POL"]
[Date "2017.12.15"]
[Round "21.39"]
[White "Dobrowolski, Piotr"]
[Black "Zwardon, Vojtech"]
[Result "0-1"]
[WhiteTitle "IM"]
[BlackTitle "IM"]
[WhiteElo "2421"]
[BlackElo "2408"]
[WhiteFideId "1106236"]
[BlackFideId "325511"]
[EventDate "2017.12.15"]
[EventType "blitz"]

1. e4 c5 2. c3 Nf6 3. e5 Nd5 4. d4 cxd4 5. Nf3 Nc6 6. cxd4 d6 7. Bc4 Be6 8. Bb3
g6 9. O-O Bg7 10. exd6 Qxd6 11. Nc3 O-O 12. Re1 Rad8 13. h3 Nxc3 14. bxc3 Bxb3
15. axb3 e5 16. Ba3 Qc7 17. Bxf8 Kxf8 18. Qc1 exd4 19. cxd4 Qb6 20. Qa3+ Kg8 21.
Rad1 Nxd4 22. Nxd4 Bxd4 23. Rd2 Kg7 24. Qa2 Rc8 25. Red1 Be5 26. Rd7 Rc6 27. Qe2
Re6 28. Qd3 Rf6 29. Rd2 Qc6 30. Rc2 Qe6 31. Rxb7 Bd6 32. Re2 Qc8 33. Qe4 Qc1+
34. Re1 Qc5 35. Qe3 Qf5 36. Rxa7 Bc5 37. Ra5 Qxf2+ 38. Qxf2 Bxf2+ 39. Kf1 Bb6+
40. Ke2 Bxa5 41. Rb1 Rb6 42. Kd3 h5 43. Kc4 Rb4+ 44. Kc5 Rf4 45. b4 Bxb4+ 46.
Rxb4 Rxb4 47. Kxb4 Kf6 48. Kc3 Ke5 49. Kd2 Kf4 50. Ke2 Kg3 51. Kf1 g5 52. Kg1 f5
53. Kf1 f4 54. Kg1 h4 55. Kf1 f3 56. Kg1 g4 57. gxf3 gxf3 58. Kh1 Kxh3 59. Kg1
Kg3 60. Kh1 Kf4 61. Kg1 Ke3 62. Kf1 h3 63. Kg1 Ke2 64. Kh2 f2 0-1

[Event "European Blitz 2017"]
[Site "Katowice POL"]
[Date "2017.12.15"]
[Round "21.40"]
[White "Janaszak, Dawid"]
[Black "Chigaev, Maksim"]
[Result "0-1"]
[WhiteTitle "FM"]
[BlackTitle "GM"]
[WhiteElo "2372"]
[BlackElo "2555"]
[WhiteFideId "1119206"]
[BlackFideId "4108116"]
[EventDate "2017.12.15"]
[EventType "blitz"]

1. d4 Nf6 2. Nc3 e6 3. Bf4 Bb4 4. a3 Bxc3+ 5. bxc3 c5 6. Nf3 Qa5 7. dxc5 Qxc3+
8. Bd2 Qxc5 9. e3 Nc6 10. Bd3 d5 11. O-O O-O 12. Qe2 e5 13. Bb4 Nxb4 14. axb4
Qe7 15. e4 dxe4 16. Bxe4 Qxb4 17. Nd2 Nxe4 18. Nxe4 Bf5 19. Ng3 Bg6 20. Rfb1 Qc3
21. Ra2 b6 22. h4 h6 23. Rb3 Qd4 24. h5 Bh7 25. Re3 Rfe8 26. c3 Qf4 27. Rd2 e4
28. Qd1 a5 29. Rd4 b5 30. Qb1 Rab8 31. Qa2 b4 32. Qxa5 b3 33. Rb4 b2 34. Qa2
Rxb4 35. cxb4 Qe5 36. Rb3 Rd8 37. Qxb2 Rd1+ 38. Kh2 Qf4 39. Kh3 Bf5+ 40. Nxf5
Rh1# 0-1

[Event "European Blitz 2017"]
[Site "Katowice POL"]
[Date "2017.12.15"]
[Round "21.41"]
[White "Mohr, Georg"]
[Black "Stojcevski, Zoran"]
[Result "1-0"]
[WhiteTitle "GM"]
[BlackTitle "FM"]
[WhiteElo "2473"]
[BlackElo "2337"]
[WhiteFideId "14600013"]
[BlackFideId "15000192"]
[EventDate "2017.12.15"]
[EventType "blitz"]

1. e4 e5 2. Nf3 Nc6 3. Nc3 Nf6 4. a3 Be7 5. d4 d6 6. Bb5 exd4 7. Nxd4 Bd7 8.
Bxc6 bxc6 9. O-O O-O 10. Qf3 Ng4 11. Nf5 Ne5 12. Nxe7+ Qxe7 13. Qe2 Ng6 14. Re1
Rae8 15. Be3 f5 16. exf5 Bxf5 17. Qc4+ Qf7 18. Qxc6 Bxc2 19. Rac1 Bb3 20. Nb5
Ne5 21. Qxc7 Nd3 22. Qxf7+ Rxf7 23. Nxd6 Nxe1 1-0

[Event "European Blitz 2017"]
[Site "Katowice POL"]
[Date "2017.12.15"]
[Round "21.42"]
[White "Wiewiora, Eneasz"]
[Black "Kovalev, Vladislav"]
[Result "0-1"]
[WhiteTitle "FM"]
[BlackTitle "GM"]
[WhiteElo "2320"]
[BlackElo "2639"]
[WhiteFideId "1140396"]
[BlackFideId "13504398"]
[EventDate "2017.12.15"]
[EventType "blitz"]

1. Nf3 Nf6 2. c4 g6 3. g3 Bg7 4. Bg2 O-O 5. O-O d6 6. d4 Nbd7 7. Nc3 e5 8. e4 c6
9. d5 Nc5 10. Qc2 a5 11. Rd1 Qe7 12. b3 cxd5 13. cxd5 Bd7 14. Qe2 b5 15. Bg5 b4
16. Bxf6 Qxf6 17. Nb1 Qe7 18. Nbd2 f5 19. Nc4 Nxe4 20. Re1 Nc3 21. Qc2 Bb5 22.
Nd4 Bxc4 23. bxc4 Qa7 24. Ne6 Rfc8 25. c5 Rxc5 26. Nxc5 Qxc5 27. a3 e4 28. axb4
Qxb4 29. Rac1 a4 30. f3 e3 31. Qd3 e2 32. f4 Qd4+ 33. Qxd4 Bxd4+ 34. Kh1 a3 35.
Rc2 a2 36. Bf3 a1=Q 0-1

[Event "European Blitz 2017"]
[Site "Katowice POL"]
[Date "2017.12.15"]
[Round "21.43"]
[White "Tregubov, Pavel V."]
[Black "Krzyzanowski, Marcin"]
[Result "1/2-1/2"]
[WhiteTitle "GM"]
[BlackTitle "IM"]
[WhiteElo "2575"]
[BlackElo "2457"]
[WhiteFideId "4115341"]
[BlackFideId "1132199"]
[EventDate "2017.12.15"]
[EventType "swiss"]

1. d4 Nf6 2. c4 g6 3. Nc3 d5 4. Nf3 Bg7 5. e3 O-O 6. cxd5 Nxd5 7. Bc4 Nxc3 8.
bxc3 c5 9. O-O Nc6 10. Qe2 Qc7 11. Rd1 b6 12. Rb1 Bb7 13. e4 Rad8 14. Be3 Na5
15. Bd3 e6 16. h4 c4 17. Bc2 f5 18. h5 Rde8 19. hxg6 hxg6 20. Bg5 fxe4 21. Bxe4
Bxe4 22. Qxe4 Rf5 23. Re1 Qc6 24. Qh4 Qd5 25. Re3 Nb7 26. Rbe1 Nd6 27. Ne5 Nf7
28. Nxf7 Kxf7 29. Bf4 Rh5 30. Qg4 Qf5 31. Qxf5+ Rxf5 32. g3 Bf6 33. Kg2 b5 34.
Re4 a5 35. Rb1 Rd5 36. Re2 g5 37. Be3 Rb8 38. Reb2 Be7 39. Kf3 b4 40. Ke4 Rc8
41. Rc2 Rb5 42. cxb4 axb4 43. g4 c3 44. Kd3 Ra5 45. Rh1 Kg6 46. Rb1 Rca8 47. Kc4
Rxa2 48. Rxa2 Rxa2 49. Rc1 Rb2 50. Ra1 c2 51. Rc1 b3 52. Kc3 Ba3 53. Bd2 Rb1 1/2-1/2

[Event "European Blitz 2017"]
[Site "Katowice POL"]
[Date "2017.12.15"]
[Round "21.44"]
[White "Chernyak, Viktoria"]
[Black "Feuerstack, Aljoscha"]
[Result "1-0"]
[WhiteTitle "WFM"]
[BlackTitle "IM"]
[WhiteElo "2196"]
[BlackElo "2438"]
[WhiteFideId "24165956"]
[BlackFideId "4681932"]
[EventDate "2017.12.15"]
[EventType "blitz"]

1. d4 Nf6 2. c4 c5 3. Nf3 cxd4 4. Nxd4 e5 5. Nc2 d5 6. cxd5 Nxd5 7. g3 Nc6 8.
Bg2 Be6 9. O-O Be7 10. b3 O-O 11. Bb2 Rc8 12. Nc3 Nxc3 13. Bxc3 Nb8 14. Bd2 Qb6
15. Be3 Qa6 16. Ne1 Bb4 17. Nd3 Bc3 18. Rb1 Rfd8 19. a4 f5 20. Qc2 Bd4 21. Qa2
Bxe3 22. fxe3 Qb6 23. Kh1 Qxe3 24. Bxb7 Rc3 25. Qb2 Rc7 26. Bg2 Nc6 27. Rbc1 e4
28. Nf4 Qxb3 29. Qa1 Bf7 30. Rc3 Qb6 31. Rfc1 Rdc8 32. h4 Ne7 33. Rxc7 Rxc7 34.
Rxc7 Qxc7 35. Qb2 h6 36. Kh2 Qd6 37. Qb7 Nc6 38. Qc8+ Nd8 39. Qxf5 e3 40. Qe4
Qc5 41. Qa8 Qd6 42. Qxa7 g5 43. hxg5 hxg5 44. Nd3 Bh5 45. Qxe3 Nf7 46. a5 Qa3
47. Bd5 Kf8 48. Bxf7 Kxf7 49. Qxg5 Bxe2 50. Ne5+ Ke6 51. Nc6 Qc3 52. Qg6+ Kd5
53. Ne7+ Kc4 1-0

[Event "European Blitz 2017"]
[Site "Katowice POL"]
[Date "2017.12.15"]
[Round "21.45"]
[White "Berchtenbreiter, Maximilian"]
[Black "Brazdzionis, Andrius"]
[Result "1-0"]
[WhiteTitle "IM"]
[WhiteElo "2387"]
[BlackElo "2293"]
[WhiteFideId "24641120"]
[BlackFideId "12804479"]
[EventDate "2017.12.15"]
[EventType "blitz"]

1. e4 c5 2. Nf3 g6 3. d4 cxd4 4. Qxd4 Nf6 5. e5 Nc6 6. Qf4 Nd5 7. Qe4 Nc7 8. Nc3
Bg7 9. Bc4 O-O 10. h4 d6 11. exd6 Qxd6 12. h5 Bf5 13. Qh4 Ne5 14. Nxe5 Qxe5+ 15.
Be3 Bxc2 16. hxg6 Bxg6 17. O-O-O Rac8 18. Bd3 h5 19. Bxg6 fxg6 20. Qc4+ Ne6 21.
Qb3 Rfd8 22. Kb1 Rxd1+ 23. Rxd1 Kh7 24. Bxa7 Qf5+ 25. Ka1 Nd4 26. Bxd4 Bxd4 27.
Rxd4 Qxf2 28. Rd1 Qxg2 29. Qf7+ Kh6 30. Qxe7 Rc4 31. a3 Qf2 32. Rd8 Qf1+ 33. Ka2 1-0

[Event "European Blitz 2017"]
[Site "Katowice POL"]
[Date "2017.12.15"]
[Round "21.46"]
[White "Kourousis, Epaminondas"]
[Black "Mazurkiewicz, Michal"]
[Result "1-0"]
[WhiteTitle "IM"]
[WhiteElo "2393"]
[BlackElo "2215"]
[WhiteFideId "4211626"]
[BlackFideId "1124943"]
[EventDate "2017.12.15"]
[EventType "blitz"]

1. d4 Nf6 2. c4 e5 3. dxe5 Ng4 4. Nh3 Nxe5 5. e3 Bb4+ 6. Bd2 Qe7 7. Nf4 c6 8.
Bxb4 Qxb4+ 9. Qd2 a5 10. Be2 Na6 11. O-O O-O 12. Qc2 Qe7 13. Nc3 d6 14. b3 Qg5
15. Ne4 Qh6 16. Qd2 Rd8 17. Qxa5 Bf5 18. Nxd6 Rxd6 19. Qxe5 Rf6 20. Rad1 g5 21.
Nd3 Be6 22. a4 Re8 23. Qg3 Qg7 24. Rd2 Nc7 25. Qxc7 h5 26. Qb6 h4 27. h3 Rg6 28.
Qd4 f6 29. Nc5 Bc8 30. Bg4 Bxg4 31. hxg4 h3 32. gxh3 Rh6 33. Kg2 Qh7 34. Rh1 f5
35. gxf5 Qxf5 36. Nd3 Rg6 37. Qg4 Qf7 38. Ne1 Rf8 39. Nf3 Qg7 40. Rd7 Qf6 41.
Rxb7 Qd8 42. a5 1-0